Financovanie amatérskych športovcov a športových klubov v obci

Dňa 1. januára 2016 nadobudol účinnosť zákon č. 440/2015 Z.z. o športe a o zmene a doplnení niektorých zákonov. Pôsobnosť obcí vo vzťahu k športu vymedzuje par. 64 ZoŠ.

Guardado en:
Detalles Bibliográficos
Autor principal: Tekeli, Jozef
Formato: Capítulo de libro
Lenguaje:eslovaco
Materias:
Etiquetas: Agregar Etiqueta
Sin Etiquetas, Sea el primero en etiquetar este registro!

MARC

LEADER 00000naa a2200000 4500
001 0237892
005 20220805074340.9
041 0 |a slo 
044 |a SK 
245 1 0 |a Financovanie amatérskych športovcov a športových klubov v obci  |c Jozef Tekeli 
520 |a Dňa 1. januára 2016 nadobudol účinnosť zákon č. 440/2015 Z.z. o športe a o zmene a doplnení niektorých zákonov. Pôsobnosť obcí vo vzťahu k športu vymedzuje par. 64 ZoŠ. 
610 2 0 |a obce 
610 2 0 |a šport 
610 2 0 |a financovanie 
610 2 0 |a zákony 
610 2 0 |a Slovensko 
100 1 |a Tekeli, Jozef